LDR 00971naa#a2200181#i#450# 001 RU\\bibl\121268 005 20260502003146.6 011 ## _a1994-4683 100 ## _a20230803b2023####ek#y0rusy0150####ca 102 ## _aRU 200 1# _aМОТИВАЦИЯ СТУДЕНТОВ ПРИ ИЗУЧЕНИИ МАТЕМАТИЧЕСКИХ ДИСЦИПЛИН В ВЫСШЕЙ ШКОЛЕ _eЖурнальная статья 210 1# _aМосква _cНациональный государственный Университет физической культуры, спорта и здоровья им. П.Ф. Лесгафта _d2023 215 ## _a3 с. 608 ## _aЖурнальная статья _2local 675 ## _aЛабораторные работы. Самостоятельные исследования. Практика вне учебного заведения. 378.147.88 _z 700 #1 _aДабаева _gМ Ж 700 #1 _aБарлукова _gН В 856 4# _auchzapiski.lesgaft.spb.ru _u